|
|
|
|
| LEADER |
00000cam a2200000 7i4500 |
| 001 |
0000005884 |
| 002 |
000006357 |
| 005 |
20000330.0 |
| 020 |
|
|
|a 9679783367
|
| 090 |
0 |
0 |
|a 909.04951
|b ROS
|
| 100 |
1 |
|
|a Ross, John
|
| 245 |
1 |
4 |
|a The Origin of the Chinese people
|c John Ross
|
| 260 |
|
|
|a Petaling Jaya :
|b Pelanduk Publcations(M) Sdn Bhd ,
|c 1990
|
| 300 |
|
|
|a 189p. ;
|c 21cm.
|
| 650 |
0 |
0 |
|a China
|x Civilization
|
| 999 |
|
|
|a 00069284
|b BUKU
|c PINJAMAN
|e PERPUSTAKAAN KOMUNITI PETALING JAYA
|
| 999 |
|
|
|a 037790
|b BUKU
|c PINJAMAN
|e PERPUSTAKAAN KOMUNITI PETALING JAYA
|
| 999 |
|
|
|a 038954
|b BUKU
|c PINJAMAN
|e PERPUSTAKAAN KOMUNITI PETALING JAYA
|
| 999 |
|
|
|a 038955
|b BUKU
|c PINJAMAN
|e PERPUSTAKAAN KOMUNITI PETALING JAYA
|